| 000 | nam a22 7a 4500 | ||
|---|---|---|---|
| 999 |
_c234082 _d234082 |
||
| 003 | Nust | ||
| 005 | 20170313131622.0 | ||
| 008 | 170313b xxu||||| |||| 00| 0 eng d | ||
| 020 | _a9780749394868 | ||
| 040 | _cNust | ||
| 082 |
_a823 _bNAR |
||
| 100 |
_a Narayan, R. K., _d1906-2001 |
||
| 245 |
_aMore tales from Malgudi : _bMr Sampath the printer of Malgudi, the financial expert, Waiting for the Mahatma, the world of Nagaraj / _cby R.K. Narayan |
||
| 260 |
_aUK: _bMinerva, _c1997 |
||
| 300 | _a853 p. | ||
| 650 | _aMalgudi (India : Imaginary place) | ||
| 942 |
_2ddc _cBK |
||